Los regímenes económicos matrimoniales : la situación patrimonial de las uniones de hecho /

Kaydedildi:
Detaylı Bibliyografya
Asıl Yazarlar: Lledó Yagüe, Francisco (Yazar), López Azcona, Aurora (Yazar), Gutiérrez Barrenengoa, Ainhoa (Yazar), Larena Beldarrain, Javier (Yazar), Monje Balmaseda, Oscar (Yazar), Martos Calabrús, María Angustias (Yazar), Reyes López, María José (Yazar), Verda y Beamonte, José Ramón de (Yazar)
Materyal Türü: Elektronik Ekitap
Dil:İspanyolca
Baskı/Yayın Bilgisi: Madrid : Dykinson, S.L., [2011]
Seri Bilgileri:Cuadernos prácticos Bolonia. Familia ; cuaderno 3
Dykinson manuales
Konular:
Online Erişim:Digitalia Hispánica
Etiketler: Etiketle
Etiket eklenmemiş, İlk siz ekleyin!

MARC

LEADER 00000nam a2200000Ii 4500
001 DIGDYK0153
003 NyNyDIG
008 140318s2011 sp ob 000 0 spa d
006 m o d
007 cr |||||||||||
040 |a DGITA  |b eng  |e rda  |e pn  |c DGITA 
020 |a 9788499821689 (ebook) 
020 |a 8499821685 (ebook) 
020 |z 9788499821313 
020 |z 8499821316 
090 |a KKT569 ebook 
245 0 4 |a Los regímenes económicos matrimoniales :  |b la situación patrimonial de las uniones de hecho /  |c Coordinador, Dr. Francisco Lledó Yagüe ; Dra. Aurora López Azcona, Dra. Ainhoa Gutiérrez Barrenengoa, Dr. Javier Larena Beldarraín, Dr. Óscar Monje Balmaseda, Dra. María Angustias Martos, Dra. María José Reyes, Dr. José Ramón de Verda, Dr. Francisco Lledó Yagüe. 
264 1 |a Madrid :  |b Dykinson, S.L.,  |c [2011] 
300 |a 1 online resource (213 pages) 
336 |a text  |b txt  |2 rdacontent 
337 |a computer  |b c  |2 rdamedia 
338 |a online resource  |b cr  |2 rdacarrier 
490 1 |a Cuadernos prácticos Bolonia. Familia ;  |v cuaderno III 
490 1 |a Dykinson manuales 
504 |a Includes bibliographical references. 
588 |a Description based on online resource; title from PDF title page (Digitalia, viewed January 29, 2014) 
650 0 |a Marital property  |z Spain. 
650 0 |a Unmarried couples  |x Legal status, laws, etc.  |z Spain. 
655 0 |a Electronic books. 
700 1 |a Lledó Yagüe, Francisco,  |e editor of compilation,  |e author. 
700 1 |a López Azcona, Aurora,  |e author. 
700 1 |a Gutiérrez Barrenengoa, Ainhoa,  |e author. 
700 1 |a Larena Beldarrain, Javier,  |e author. 
700 1 |a Monje Balmaseda, Oscar,  |e author. 
700 1 |a Martos Calabrús, María Angustias,  |e author. 
700 1 |a Reyes López, María José,  |e author. 
700 1 |a Verda y Beamonte, José Ramón de,  |e author. 
791 2 |a Digitalia (Firm),  |e distributor. 
776 0 8 |i Print version:  |t Regímenes económicos matrimoniales.  |d Madrid : Dykinson, [2011]  |z 9788499821313  |w (OCoLC)719428791 
830 0 |a Cuadernos prácticos Bolonia.  |p Familia ;  |v cuaderno 3 
830 0 |a Dykinson manuales 
793 0 |g Digitalia eBook Collection:   |a Dykinson Editorial. 
856 4 0 |3 Digitalia Hispánica  |u https://www.digitaliapublishing.com/a/14548/